Československá produkcia zvukových a audiovizuálnych dokumentov v knižničnej praxi Zborník materiálov

Saved in:
Bibliographic Details
Format: Book
Language:Slovak
Published: Bratislava Univ. kniž. 1989
Edition:1. vyd.
Tags: Add Tag
No Tags, Be the first to tag this record!

MARC

LEADER 00000nam a2200000 4500
001 c034798
005 20250826085302.2
041 0 |a slo 
044 |a SK 
245 1 0 |a Československá produkcia zvukových a audiovizuálnych dokumentov v knižničnej praxi  |b Zborník materiálov 
250 |a 1. vyd. 
264 1 |a Bratislava  |b Univ. kniž.  |c 1989 
300 |a 161 s.